Statistics for Movies with Colors

Click here to take the quiz!

General Stats

  • This quiz has been taken 36 times
  • The average score is 14 of 24

Answer Stats

Movies% Correct
{Black} Swan
100%
Deep {Blue} Sea
100%
Fifty shades of {Grey}
100%
A Clockwork {Orange}
97%
{Green} Lantern
94%
The {Pink} Panther
91%
Turning {Red}
91%
{Yellow} Submarine
91%
Jackie {Brown}
86%
{White} Chicks
86%
{Purple} Hearts
80%
{Silver} Linings Playbook
71%
The Name of the {Rose}
54%
{Violet} & Daisy
46%
Kingsman the {Golden} Circle
34%
The Art of the S{teal}
34%
Mood {Indigo}
29%
Slightly {Scarlet}
26%
Ladies in {Lavender}
23%
{Maroon}ed Awakening
17%
{Aqua} Teen Forever: Plantasm
14%
The {Crimson} Pirate
14%
Love under the {Olive} Tree
11%
A Bitter {Lime}
9%

Score Distribution

Percentile by Number Answered

Percent of People with Each Score

Your Score History

You have not taken this quiz